[Event "DJM"]
[Site "?"]
[Date "2001.02.19"]
[Round "1"]
[White "Christensen, Hanse"]
[Black "Hansen, Lars Henrik Bech"]
[Result "0-1"]
[WhiteElo "1750"]
[BlackElo "2109"]
[PlyCount "70"]
[EventDate "2001.02.19"]
[EventType "tourn"]
[EventRounds "1"]
[EventCountry "DEN"]
[SourceDate "2001.02.17"]

1. d4 g6 2. c4 Nf6 3. Nc3 Bg7 4. e4 d6 5. Nf3 O-O 6. Be2 e5 7. d5 Nh5 8. O-O
Nf4 9. Be3 f5 10. Qd2 Nxe2+ 11. Qxe2 f4 12. Bd2 g5 13. Ne1 g4 14. f3 g3 15. h3
Qh4 16. Nd3 Rf6 17. Rfd1 Rh6 18. Nb5 Qe7 19. Qf1 a6 20. Nc3 Nd7 21. b4 Nf8 22.
Rac1 Ng6 23. Ne2 Nh8 24. c5 Nf7 25. cxd6 cxd6 26. Kh1 Ng5 27. Ng1 Rg6 28. Ne1
Bd7 29. Rc7 Qd8 30. Rdc1 Rb8 31. R7c2 Bf8 32. Qc4 Rh6 33. Qc7 Qe8 34. Nd3 Nxh3
35. gxh3 Bxh3 0-1

[Event "DJM"]
[Site "?"]
[Date "2001.02.19"]
[Round "1"]
[White "Thomsen, Karl ge"]
[Black "Hansen, Svend L"]
[Result "1/2-1/2"]
[WhiteElo "1825"]
[BlackElo "1894"]
[PlyCount "43"]
[EventDate "2001.02.19"]
[EventType "tourn"]
[EventRounds "1"]
[EventCountry "DEN"]
[SourceDate "2001.02.17"]

1. e4 c5 2. d4 cxd4 3. c3 e6 4. cxd4 Nf6 5. Nc3 d6 6. Nf3 a6 7. Bd3 Be7 8. a3
O-O 9. Ng5 h6 10. h4 e5 11. Nf3 Nbd7 12. Bc2 b5 13. Be3 Bb7 14. d5 Rc8 15. g3
Ng4 16. Qe2 Nxe3 17. Qxe3 Qa5 18. O-O Qc7 19. Rac1 Nf6 20. Nh2 Qd7 21. Bd1 Rc4
22. Bf3 1/2-1/2

[Event "DJM"]
[Site "?"]
[Date "2001.02.19"]
[Round "1"]
[White "Hartung Nielsen, Jens"]
[Black "Haar, Bjarne"]
[Result "1/2-1/2"]
[WhiteElo "2267"]
[BlackElo "2095"]
[PlyCount "126"]
[EventDate "2001.02.19"]
[EventType "tourn"]
[EventRounds "1"]
[EventCountry "DEN"]
[SourceDate "2001.02.17"]

1. d4 d5 2. c4 c6 3. Nc3 Nf6 4. e3 g6 5. Nf3 Bg7 6. Bd3 O-O 7. O-O Nbd7 8. cxd5
cxd5 9. Qb3 Nb6 10. a4 Bf5 11. Bxf5 gxf5 12. a5 Nc4 13. Qxb7 Nxa5 14. Qb5 Nc4
15. b3 Nd6 16. Qd3 Nde4 17. Na4 Nd7 18. Ba3 Bf6 19. Qb5 Nb6 20. Nc5 Nd6 21. Qd3
Ne4 22. Rfc1 a5 23. Qb5 Nd6 24. Qd3 Ne4 25. Qb5 Nd6 26. Qd3 Ne4 27. Nd2 Nd6 28.
Bb2 Ra7 29. Ra2 Qa8 30. Rca1 Rc8 31. Bc3 Ne4 32. Ndxe4 dxe4 33. Qb5 Nd5 34.
Bxa5 Nc3 35. Qb4 Nxa2 36. Rxa2 e5 37. Qd2 exd4 38. exd4 Qd5 39. b4 Qxd4 40. Qe1
Qc4 41. Ra3 Be5 42. g4 fxg4 43. Nxe4 f5 44. Nc5 Qf4 45. Rg3 Rxa5 46. bxa5 Rxc5
47. Kg2 Qa4 48. Rd3 Qc6+ 49. Kg1 Qc7 50. Kg2 Rc1 51. Rd8+ Qxd8 52. Qxc1 Qxa5
53. Qc8+ Kg7 54. Qxf5 Qd5+ 55. Kf1 Qc4+ 56. Kg2 Qd5+ 57. Kf1 Qh1+ 58. Ke2 Qxh2
59. Qxg4+ Kf6 60. Qf3+ Kg5 61. Qe3+ Bf4 62. Qe7+ Kf5 63. Qf7+ Ke5 1/2-1/2

[Event "DJM"]
[Site "?"]
[Date "2001.02.19"]
[Round "1"]
[White "Andersen, Willy B"]
[Black "Andersen, Bent L"]
[Result "0-1"]
[WhiteElo "1769"]
[BlackElo "1845"]
[PlyCount "46"]
[EventDate "2001.02.19"]
[EventType "tourn"]
[EventRounds "1"]
[EventCountry "DEN"]
[SourceDate "2001.02.17"]

1. d4 d5 2. c4 e6 3. Nf3 Nf6 4. Bg5 Be7 5. Nc3 O-O 6. e3 b6 7. Rc1 Bb7 8. Be2
Nbd7 9. O-O Rc8 10. a3 dxc4 11. Bxc4 c5 12. Qe2 Bxf3 13. Qxf3 cxd4 14. Nb5 a6
15. Na7 Ne5 16. Qe2 Rc7 17. exd4 Nxc4 18. Rxc4 Rxa7 19. Rfc1 Qd5 20. Be3 b5 21.
Rc7 Rxc7 22. Rxc7 Bd6 23. Ra7 Ra8 0-1

[Event "DJM"]
[Site "?"]
[Date "2001.02.20"]
[Round "2"]
[White "Hansen, Lars Henrik Bech"]
[Black "Andersen, Bent L"]
[Result "1-0"]
[WhiteElo "2109"]
[BlackElo "1845"]
[PlyCount "33"]
[EventDate "2001.02.19"]
[EventType "tourn"]
[EventRounds "1"]
[EventCountry "DEN"]
[SourceDate "2001.02.17"]

1. e4 e6 2. d4 d5 3. Nc3 Nf6 4. Bg5 Be7 5. e5 Nfd7 6. h4 h6 7. Bf4 c5 8. Qg4 g6
9. Nf3 Nc6 10. O-O-O c4 11. Rh3 a6 12. Rg3 h5 13. Qh3 b5 14. Rxg6 fxg6 15. Qxe6
Nf8 16. Qxc6+ Bd7 17. Qxd5 1-0

[Event "DJM"]
[Site "?"]
[Date "2001.02.20"]
[Round "2"]
[White "Haar, Bjarne"]
[Black "Andersen, Willy B"]
[Result "1-0"]
[WhiteElo "2095"]
[BlackElo "1769"]
[PlyCount "29"]
[EventDate "2001.02.19"]
[EventType "tourn"]
[EventRounds "1"]
[EventCountry "DEN"]
[SourceDate "2001.02.17"]

1. e4 e5 2. f4 d6 3. Nf3 Bg4 4. Bc4 Nh6 5. d3 Nd7 6. O-O exf4 7. d4 g5 8. Qe1
Qe7 9. Nc3 O-O-O 10. Nd5 Qe8 11. Qa5 Nb6 12. Nxb6+ cxb6 13. Qxa7 Bxf3 14. Bd5
Bxe4 15. Qxb7# 1-0

[Event "DJM"]
[Site "?"]
[Date "2001.02.20"]
[Round "2"]
[White "Hansen, Svend L"]
[Black "Hartung Nielsen, Jens"]
[Result "0-1"]
[WhiteElo "1894"]
[BlackElo "2267"]
[PlyCount "74"]
[EventDate "2001.02.19"]
[EventType "tourn"]
[EventRounds "1"]
[EventCountry "DEN"]
[SourceDate "2001.02.17"]

1. d4 f5 2. e3 Nf6 3. Nf3 e6 4. Be2 b6 5. O-O Bb7 6. c4 Be7 7. Nc3 O-O 8. Bd2
Ne4 9. Rc1 d6 10. a3 Nd7 11. Qb3 c5 12. d5 Nxc3 13. Bxc3 e5 14. Qc2 Qe8 15. Ne1
g5 16. f3 h5 17. Bd3 Qg6 18. g4 hxg4 19. fxg4 e4 20. gxf5 exd3 21. Qxd3 Qh7 22.
e4 Rae8 23. Rc2 Bf6 24. Rg2 Kf7 25. Nf3 Rg8 26. Bxf6 Kxf6 27. Qe3 Qh5 28. Nd2
Ne5 29. Rg3 Rh8 30. h3 g4 31. Qf4 Reg8 32. Rf2 Qg5 33. hxg4 Rh4 34. Qxg5+ Rxg5
35. Rfg2 Rhxg4 36. Rxg4 Rxg4 37. b3 Bc8 0-1

[Event "DJM"]
[Site "?"]
[Date "2001.02.20"]
[Round "2"]
[White "Christensen, Hanse"]
[Black "Thomsen, Karl ge"]
[Result "1/2-1/2"]
[WhiteElo "1750"]
[BlackElo "1825"]
[PlyCount "93"]
[EventDate "2001.02.19"]
[EventType "tourn"]
[EventRounds "1"]
[EventCountry "DEN"]
[SourceDate "2001.02.17"]

1. d4 c6 2. c4 d6 3. Nc3 Qc7 4. Nf3 e5 5. e4 Bg4 6. Be2 Nd7 7. O-O Ngf6 8. dxe5
dxe5 9. Nd2 Bxe2 10. Qxe2 Bb4 11. Nd1 O-O 12. a3 Bc5 13. b4 Be7 14. Nf3 b6 15.
Nc3 Rad8 16. Rd1 Nb8 17. Be3 Rd7 18. Rxd7 Nfxd7 19. Rd1 Rd8 20. Bg5 f6 21. Be3
Nf8 22. Rxd8 Qxd8 23. Qd2 Qxd2 24. Nxd2 Ne6 25. Nb3 Nd7 26. f3 Kf7 27. Kf2 g6
28. g3 h5 29. h3 g5 30. Ne2 Kg6 31. f4 f5 32. fxe5 Nxe5 33. exf5+ Kxf5 34. c5
bxc5 35. Nxc5 Nxc5 36. Bxc5 Nd3+ 37. Kf3 Nxc5 38. Nd4+ Kf6 39. bxc5 Bxc5 40.
Nxc6 Ke6 41. Ke4 Kd6 42. Nb4 Bf2 43. g4 hxg4 44. hxg4 Be1 45. Nd3 Bd2 46. Ne5
Ke6 47. a4 1/2-1/2

[Event "DJM"]
[Site "?"]
[Date "2001.02.21"]
[Round "3"]
[White "Thomsen, Karl ge"]
[Black "Hansen, Lars Henrik Bech"]
[Result "1/2-1/2"]
[WhiteElo "1825"]
[BlackElo "2109"]
[PlyCount "56"]
[EventDate "2001.02.19"]
[EventType "tourn"]
[EventRounds "1"]
[EventCountry "DEN"]
[SourceDate "2001.02.17"]

1. e4 d6 2. d4 Nf6 3. Nc3 g6 4. f3 Bg7 5. Be3 c6 6. Qd2 b5 7. a3 a5 8. Bh6 O-O
9. Bxg7 Kxg7 10. d5 cxd5 11. Nxd5 Nbd7 12. Bxb5 Bb7 13. Nxf6 Nxf6 14. c4 Ba6
15. a4 Bc8 16. Ne2 Nd7 17. O-O Nc5 18. Kh1 f6 19. Qc3 Bd7 20. Nc1 Qc7 21. Nd3
Nxd3 22. Qxd3 Rfc8 23. b3 Be6 24. f4 Qc5 25. Rae1 Ra7 26. Qe3 Qxe3 27. Rxe3 Rc5
28. Kg1 f5 1/2-1/2

[Event "DJM"]
[Site "?"]
[Date "2001.02.21"]
[Round "3"]
[White "Hartung Nielsen, Jens"]
[Black "Christensen, Hanse"]
[Result "1-0"]
[WhiteElo "2267"]
[BlackElo "1750"]
[PlyCount "47"]
[EventDate "2001.02.19"]
[EventType "tourn"]
[EventRounds "1"]
[EventCountry "DEN"]
[SourceDate "2001.02.17"]

1. d4 d6 2. Nf3 g6 3. c4 Bg7 4. Nc3 Nd7 5. e4 e5 6. Be2 Ne7 7. O-O O-O 8. Re1
f5 9. exf5 Nxf5 10. Bg5 Bf6 11. Bxf6 Qxf6 12. Nd5 Qd8 13. dxe5 c6 14. e6 Nc5
15. e7 Nxe7 16. Nxe7+ Qxe7 17. Qd4 Qf6 18. Rad1 Qxd4 19. Rxd4 Rd8 20. Red1 Bf5
21. Rxd6 Rxd6 22. Rxd6 Ne6 23. Nh4 Rd8 24. Nxf5 1-0

[Event "DJM"]
[Site "?"]
[Date "2001.02.21"]
[Round "3"]
[White "Andersen, Willy B"]
[Black "Hansen, Svend L"]
[Result "0-1"]
[WhiteElo "1769"]
[BlackElo "1894"]
[PlyCount "72"]
[EventDate "2001.02.19"]
[EventType "tourn"]
[EventRounds "1"]
[EventCountry "DEN"]
[SourceDate "2001.02.17"]

1. d4 d5 2. c4 e6 3. Nf3 Nf6 4. Bg5 c6 5. Nc3 Nbd7 6. a3 Be7 7. e3 O-O 8. Rc1
h6 9. Bf4 Nh5 10. Bg3 Nxg3 11. fxg3 Bg5 12. Qd2 Qe7 13. Be2 b6 14. Nxg5 Qxg5
15. O-O Bb7 16. cxd5 exd5 17. Rce1 Rae8 18. Bf3 Re7 19. Qf2 Rfe8 20. h4 Qg6 21.
Nd1 Nf6 22. Kh2 Bc8 23. Qd2 Ba6 24. Rg1 Bd3 25. Nf2 Ba6 26. Bd1 Bc8 27. Rgf1
Ba6 28. Rg1 Qf5 29. g4 Qd7 30. Kh3 h5 31. Kg3 Qd6+ 32. Kh3 Bc8 33. Qd3 Bxg4+
34. Nxg4 Ne4 35. g3 hxg4+ 36. Kg2 Qxg3+ 0-1

[Event "DJM"]
[Site "?"]
[Date "2001.02.21"]
[Round "3"]
[White "Andersen, Bent L"]
[Black "Haar, Bjarne"]
[Result "0-1"]
[WhiteElo "1845"]
[BlackElo "2095"]
[PlyCount "56"]
[EventDate "2001.02.19"]
[EventType "tourn"]
[EventRounds "1"]
[EventCountry "DEN"]
[SourceDate "2001.02.17"]

1. d4 d5 2. c4 c6 3. cxd5 cxd5 4. Nc3 Nf6 5. Nf3 Nc6 6. h3 g6 7. Bf4 a6 8. e3
Qb6 9. Qc2 Bf5 10. Bd3 Bxd3 11. Qxd3 Qxb2 12. O-O Qa3 13. Rfb1 Na5 14. Bc7 b5
15. Ne5 Rc8 16. Bxa5 Qxa5 17. Ne2 Bg7 18. Rc1 Rxc1+ 19. Rxc1 O-O 20. a3 e6 21.
Nc6 Qb6 22. Nb4 a5 23. Nc6 Ne4 24. f3 Nd6 25. Rc5 Ra8 26. Qb3 Bf8 27. Kf2 Nc4
28. Rxb5 Qxc6 0-1

[Event "DJM"]
[Site "?"]
[Date "2001.02.22"]
[Round "4"]
[White "Hansen, Lars Henrik Bech"]
[Black "Haar, Bjarne"]
[Result "1-0"]
[WhiteElo "2109"]
[BlackElo "2095"]
[PlyCount "113"]
[EventDate "2001.02.19"]
[EventType "tourn"]
[EventRounds "1"]
[EventCountry "DEN"]
[SourceDate "2001.02.17"]

1. e4 d5 2. exd5 Qxd5 3. Nc3 Qa5 4. Nf3 Nf6 5. d4 c6 6. Bc4 Bg4 7. Bd2 e6 8. d5
Qc5 9. dxc6 Nxc6 10. Bb5 a6 11. Be3 Qb4 12. Bxc6+ bxc6 13. Qd4 Bxf3 14. gxf3
Nd5 15. O-O c5 16. Nxd5 cxd4 17. Nxb4 dxe3 18. Nd3 exf2+ 19. Kxf2 Rc8 20. Rfc1
Bd6 21. Kg2 g5 22. c4 Bc5 23. Nxc5 Rxc5 24. b4 Re5 25. Rc2 Ke7 26. a4 Rc8 27.
Rb1 h5 28. Kf2 f5 29. Re1 Rxe1 30. Kxe1 f4 31. h3 e5 32. c5 Kd7 33. Rd2+ Kc7
34. b5 axb5 35. axb5 Rb8 36. Rb2 Rg8 37. Re2 Re8 38. Rg2 Rb8 39. Rb2 Rg8 40.
Re2 Re8 41. Kf2 Re6 42. Re4 Re7 43. Ke2 Re8 44. Ra4 g4 45. fxg4 hxg4 46. hxg4
e4 47. Ra7+ Kb8 48. Rf7 f3+ 49. Ke3 Re5 50. Rf5 Re6 51. g5 Kc7 52. b6+ Kb7 53.
Rf7+ Kc8 54. Rf6 Re7 55. c6 Re8 56. g6 Rg8 57. g7 1-0

[Event "DJM"]
[Site "?"]
[Date "2001.02.22"]
[Round "4"]
[White "Hansen, Svend L"]
[Black "Andersen, Bent L"]
[Result "1-0"]
[WhiteElo "1894"]
[BlackElo "1845"]
[PlyCount "55"]
[EventDate "2001.02.19"]
[EventType "tourn"]
[EventRounds "1"]
[EventCountry "DEN"]
[SourceDate "2001.02.17"]

1. d4 d5 2. c4 e6 3. Nf3 Nf6 4. Nc3 Be7 5. e3 O-O 6. Bd3 b6 7. O-O Bb7 8. cxd5
Nxd5 9. e4 Nxc3 10. bxc3 c5 11. Be3 cxd4 12. cxd4 Nc6 13. Rc1 Rc8 14. Qa4 Nb8
15. Qxa7 Bc6 16. Ne5 f6 17. Nxc6 Nxc6 18. Qa4 Qd6 19. Rc4 Nb4 20. Rxc8 Rxc8 21.
Bb1 Qd8 22. Qb3 Kf7 23. a3 Nc6 24. Ba2 Qd6 25. g3 Na7 26. a4 Kf8 27. Rc1 Ra8
28. Bf4 1-0

[Event "DJM"]
[Site "?"]
[Date "2001.02.22"]
[Round "4"]
[White "Christensen, Hanse"]
[Black "Andersen, Willy B"]
[Result "1-0"]
[WhiteElo "1750"]
[BlackElo "1769"]
[PlyCount "57"]
[EventDate "2001.02.19"]
[EventType "tourn"]
[EventRounds "1"]
[EventCountry "DEN"]
[SourceDate "2001.02.17"]

1. d4 d5 2. c4 e6 3. Nc3 Nf6 4. Bg5 c6 5. e3 Nbd7 6. Nf3 Be7 7. Rc1 h6 8. Bh4
O-O 9. Be2 Nh7 10. Bxe7 Qxe7 11. c5 e5 12. b4 e4 13. Nd2 f5 14. O-O f4 15. exf4
Rxf4 16. Nb3 Qg5 17. Qd2 Ndf6 18. g3 Rf5 19. Qxg5 Nxg5 20. Nd1 Nf3+ 21. Kg2 Nh5
22. Rc3 Nh4+ 23. Kh1 Nf4 24. Nd2 Nxe2 25. Re3 Nf4 26. gxf4 Rh5 27. f3 Bh3 28.
Rg1 Ng6 29. Rxg6 1-0

[Event "DJM"]
[Site "?"]
[Date "2001.02.22"]
[Round "4"]
[White "Thomsen, Karl ge"]
[Black "Hartung Nielsen, Jens"]
[Result "0-1"]
[WhiteElo "1825"]
[BlackElo "2267"]
[PlyCount "58"]
[EventDate "2001.02.19"]
[EventType "tourn"]
[EventRounds "1"]
[EventCountry "DEN"]
[SourceDate "2001.02.17"]

1. e4 c5 2. Nf3 d6 3. d4 cxd4 4. c3 d3 5. Bxd3 Nc6 6. O-O g6 7. Bc4 Bg7 8. Qc2
Nf6 9. Rd1 Qc7 10. b3 O-O 11. Bb2 a6 12. Bd3 b5 13. a4 bxa4 14. Rxa4 Nd7 15.
Ra1 Nc5 16. Be2 Bb7 17. Nd4 Nxe4 18. Nxc6 Qxc6 19. Bf3 d5 20. Ra4 f5 21. c4
Rfd8 22. Bxg7 Kxg7 23. Qb2+ Qf6 24. Qxf6+ Nxf6 25. Rb4 Rd7 26. c5 Rc8 27. Rc1
Rdc7 28. Re1 Ne4 29. g4 Nxc5 0-1

[Event "DJM"]
[Site "?"]
[Date "2001.02.23"]
[Round "5"]
[White "Hartung Nielsen, Jens"]
[Black "Hansen, Lars Henrik Bech"]
[Result "1-0"]
[WhiteElo "2267"]
[BlackElo "2109"]
[PlyCount "119"]
[EventDate "2001.02.19"]
[EventType "tourn"]
[EventRounds "1"]
[EventCountry "DEN"]
[SourceDate "2001.02.17"]

1. d4 g6 2. g3 Bg7 3. Bg2 Nf6 4. c4 O-O 5. Nf3 d6 6. O-O c6 7. Nc3 Qa5 8. h3
Be6 9. Qd3 Qa6 10. b3 d5 11. Ne5 Rd8 12. Rd1 Nbd7 13. cxd5 Qxd3 14. Nxd3 Nxd5
15. Bb2 f5 16. e3 Nxc3 17. Bxc3 Bd5 18. Rac1 Bxg2 19. Kxg2 Rac8 20. b4 e6 21.
f4 Bf8 22. Kf3 Nf6 23. Be1 Ne4 24. Rc2 a6 25. Rb1 Bd6 26. Nc5 Bxc5 27. bxc5 Rd7
28. Rcb2 Rb8 29. Rb6 g5 30. Rxc6 Re8 31. Rcb6 Ree7 32. c6 bxc6 33. Rxc6 Rb7 34.
Rcb6 Rxb6 35. Rxb6 Rc7 36. fxg5 Nxg5+ 37. Kf4 Nxh3+ 38. Ke5 Ng5 39. Kf6 h6 40.
Rxa6 Rf7+ 41. Kg6 Rg7+ 42. Kf6 Rf7+ 43. Kg6 Rg7+ 44. Kh5 Kh7 45. Ba5 Nf3 46.
Bd8 Rxg3 47. Ra7+ Rg7 48. Rxg7+ Kxg7 49. a4 f4 50. a5 fxe3 51. a6 e2 52. Ba5
e1=Q 53. Bxe1 Nxe1 54. a7 Nd3 55. a8=Q Nf4+ 56. Kg4 Nd5 57. Qb8 Kg6 58. Qg8+
Kf6 59. Kh5 Ne7 60. Qf8# 1-0

[Event "DJM"]
[Site "?"]
[Date "2001.02.23"]
[Round "5"]
[White "Andersen, Willy B"]
[Black "Thomsen, Karl ge"]
[Result "0-1"]
[WhiteElo "1769"]
[BlackElo "1825"]
[PlyCount "54"]
[EventDate "2001.02.19"]
[EventType "tourn"]
[EventRounds "1"]
[EventCountry "DEN"]
[SourceDate "2001.02.17"]

1. d4 c6 2. c4 d6 3. Nc3 Qc7 4. Nf3 e5 5. e4 Bg4 6. Be2 Nf6 7. O-O Nbd7 8. h3
Bh5 9. Nh2 Bxe2 10. Nxe2 Nxe4 11. Re1 Nef6 12. dxe5 dxe5 13. Nd4 O-O-O 14. Nc2
Nc5 15. Qe2 Bd6 16. Nf1 Ne6 17. b3 Nd4 18. Nxd4 exd4 19. Bb2 Rhe8 20. Qd3 Qd7
21. Rad1 c5 22. Ng3 g6 23. Ne4 Rxe4 24. Rxe4 Nxe4 25. Qxe4 Re8 26. Qg4 Qxg4 27.
hxg4 Re2 0-1

[Event "DJM"]
[Site "?"]
[Date "2001.02.23"]
[Round "5"]
[White "Andersen, Bent L"]
[Black "Christensen, Hanse"]
[Result "1-0"]
[WhiteElo "1845"]
[BlackElo "1750"]
[PlyCount "71"]
[EventDate "2001.02.19"]
[EventType "tourn"]
[EventRounds "1"]
[EventCountry "DEN"]
[SourceDate "2001.02.17"]

1. d4 d6 2. c4 g6 3. Nc3 Bg7 4. e4 Nd7 5. b4 e5 6. Be3 Ngf6 7. h3 O-O 8. Nf3 b6
9. Be2 Re8 10. d5 a5 11. a3 axb4 12. axb4 Rxa1 13. Qxa1 Bb7 14. O-O Qa8 15. Nb5
Qb8 16. Bd3 c6 17. Nc3 cxd5 18. cxd5 Nxd5 19. Nxd5 Bxd5 20. Bb5 Be6 21. Ng5 Rd8
22. Nxe6 fxe6 23. Qa2 Nf8 24. Rd1 Kh8 25. Bc4 Qb7 26. f3 b5 27. Bxe6 Nxe6 28.
Qxe6 Qd7 29. Qxd7 Rxd7 30. Rd5 Rb7 31. Rxd6 Bf8 32. Rd8 Kg8 33. Bc5 Rf7 34. Bd6
Kg7 35. Bxe5+ Kh6 36. Bd6 1-0

[Event "DJM"]
[Site "?"]
[Date "2001.02.23"]
[Round "5"]
[White "Haar, Bjarne"]
[Black "Hansen, Svend L"]
[Result "1-0"]
[WhiteElo "2095"]
[BlackElo "1894"]
[PlyCount "43"]
[EventDate "2001.02.19"]
[EventType "tourn"]
[EventRounds "1"]
[EventCountry "DEN"]
[SourceDate "2001.02.17"]

1. e4 c5 2. Nf3 d6 3. d4 cxd4 4. Nxd4 a6 5. Bc4 e6 6. Nc3 Qc7 7. Bb3 Nf6 8. g4
g6 9. Bg5 Bg7 10. f3 Nc6 11. Be3 b5 12. Nxc6 Qxc6 13. Qd2 O-O 14. h4 Bb7 15. h5
b4 16. Na4 Rfd8 17. hxg6 fxg6 18. Bxe6+ Kh8 19. Bb3 a5 20. O-O-O Ra6 21. e5 Nd7
22. Rxh7+ 1-0

[Event "DJM"]
[Site "?"]
[Date "2001.02.24"]
[Round "6"]
[White "Hansen, Lars Henrik Bech"]
[Black "Hansen, Svend L"]
[Result "1-0"]
[WhiteElo "2109"]
[BlackElo "1894"]
[PlyCount "51"]
[EventDate "2001.02.19"]
[EventType "tourn"]
[EventRounds "1"]
[EventCountry "DEN"]
[SourceDate "2001.02.17"]

1. e4 e5 2. Nf3 Nc6 3. d4 exd4 4. Bc4 d6 5. Nxd4 Ne5 6. Be2 Nf6 7. Nc3 Be7 8.
O-O O-O 9. f4 Ned7 10. Nf5 Nc5 11. Ng3 Bd7 12. b4 Na4 13. Nxa4 Bxa4 14. Bb2 c6
15. Bd3 Qb6+ 16. Kh1 Qxb4 17. Rb1 Qc5 18. Nf5 d5 19. Bd4 Qa3 20. Rxb7 Rfe8 21.
Rxe7 Rxe7 22. Bxf6 Re6 23. e5 Rb8 24. Nxg7 Rxf6 25. exf6 Qc3 26. Qh5 1-0

[Event "DJM"]
[Site "?"]
[Date "2001.02.24"]
[Round "6"]
[White "Christensen, Hanse"]
[Black "Haar, Bjarne"]
[Result "0-1"]
[WhiteElo "1750"]
[BlackElo "2095"]
[PlyCount "30"]
[EventDate "2001.02.19"]
[EventType "tourn"]
[EventRounds "1"]
[EventCountry "DEN"]
[SourceDate "2001.02.17"]

1. d4 d5 2. c4 c6 3. e3 e6 4. Nf3 Nd7 5. b3 Bd6 6. c5 Bc7 7. Qc2 f5 8. Bb2 Ngf6
9. Nbd2 O-O 10. Ng5 Qe7 11. Bd3 Ne4 12. Ngf3 Ndf6 13. Bxe4 fxe4 14. Ne5 Nd7 15.
O-O Qg5 0-1

[Event "DJM"]
[Site "?"]
[Date "2001.02.24"]
[Round "6"]
[White "Thomsen, Karl ge"]
[Black "Andersen, Bent L"]
[Result "1/2-1/2"]
[WhiteElo "1825"]
[BlackElo "1845"]
[PlyCount "38"]
[EventDate "2001.02.19"]
[EventType "tourn"]
[EventRounds "1"]
[EventCountry "DEN"]
[SourceDate "2001.02.17"]

1. e4 e6 2. d4 d5 3. Nc3 Nf6 4. e5 Nfd7 5. f4 c5 6. Nf3 Nc6 7. Be3 Qb6 8. Rb1
cxd4 9. Nxd4 Nxd4 10. Bxd4 Qd8 11. Qg4 g6 12. Be2 Bg7 13. O-O O-O 14. Nb5 a6
15. Nd6 Qc7 16. Qf3 f6 17. Qe3 Rd8 18. c3 Bf8 19. Bg4 f5 1/2-1/2

[Event "DJM"]
[Site "?"]
[Date "2001.02.24"]
[Round "6"]
[White "Hartung Nielsen, Jens"]
[Black "Andersen, Willy B"]
[Result "1-0"]
[WhiteElo "2267"]
[BlackElo "1769"]
[PlyCount "49"]
[EventDate "2001.02.19"]
[EventType "tourn"]
[EventRounds "1"]
[EventCountry "DEN"]
[SourceDate "2001.02.17"]

1. d4 d5 2. c4 e6 3. Nc3 c6 4. Bf4 Nf6 5. e3 Nbd7 6. Nf3 Be7 7. Bd3 Nh5 8. c5
Nxf4 9. exf4 O-O 10. Qc2 g6 11. h4 Nf6 12. Ne5 Nh5 13. g3 Bf6 14. Be2 Ng7 15.
h5 Nf5 16. O-O-O Ne7 17. Bd3 Kg7 18. f3 Bxe5 19. fxe5 Nf5 20. Qd2 g5 21. Ne2 h6
22. g4 Ne7 23. f4 Ng8 24. Bc2 f5 25. Rdg1 1-0

[Event "DJM"]
[Site "?"]
[Date "2001.02.25"]
[Round "7"]
[White "Andersen, Willy B"]
[Black "Hansen, Lars Henrik Bech"]
[Result "0-1"]
[WhiteElo "1769"]
[BlackElo "2109"]
[PlyCount "72"]
[EventDate "2001.02.19"]
[EventType "tourn"]
[EventRounds "1"]
[EventCountry "DEN"]
[SourceDate "2001.02.17"]

1. d4 g6 2. c4 Nf6 3. Nc3 Bg7 4. Nf3 O-O 5. e4 d6 6. h3 c5 7. Be3 cxd4 8. Nxd4
Nc6 9. Bd3 Ne5 10. Qc2 Bd7 11. b3 Qa5 12. O-O Nxd3 13. Qxd3 Qh5 14. Bd2 Rac8
15. Nde2 Qc5 16. Rae1 a6 17. Ng3 Nh5 18. Nxh5 Qxh5 19. Nd5 Rfe8 20. Re3 Bc6 21.
Qe2 Qxe2 22. Rxe2 b5 23. Rc1 Bxd5 24. exd5 bxc4 25. Rxc4 Rxc4 26. bxc4 Kf8 27.
a3 Rc8 28. Re4 f5 29. Re6 Rxc4 30. Bg5 Rc7 31. g4 fxg4 32. hxg4 Kf7 33. Kg2 h6
34. Be3 Rc3 35. Bb6 Rxa3 36. Bd8 Bf6 0-1

[Event "DJM"]
[Site "?"]
[Date "2001.02.25"]
[Round "7"]
[White "Andersen, Bent L"]
[Black "Hartung Nielsen, Jens"]
[Result "0-1"]
[WhiteElo "1845"]
[BlackElo "2267"]
[PlyCount "60"]
[EventDate "2001.02.19"]
[EventType "tourn"]
[EventRounds "1"]
[EventCountry "DEN"]
[SourceDate "2001.02.17"]

1. d4 f5 2. c4 Nf6 3. Nc3 e6 4. g3 Bb4 5. Qc2 Nc6 6. e3 Qe7 7. Nge2 O-O 8. Bg2
Bxc3+ 9. Nxc3 d6 10. O-O e5 11. d5 Nb4 12. Qe2 e4 13. a3 Nd3 14. b4 a5 15. b5
Nd7 16. Na4 N7e5 17. Nb2 Nc5 18. a4 Bd7 19. Ra3 b6 20. Bd2 Rf6 21. Bc3 Rh6 22.
f3 exf3 23. Bxf3 Nxf3+ 24. Qxf3 Rf8 25. Bd4 Ne4 26. Rd3 Be8 27. Nd1 Ng5 28. Qg2
Nh3+ 29. Kh1 Bh5 30. Nf2 Be2 0-1

[Event "DJM"]
[Site "?"]
[Date "2001.02.25"]
[Round "7"]
[White "Haar, Bjarne"]
[Black "Thomsen, Karl ge"]
[Result "1-0"]
[WhiteElo "2095"]
[BlackElo "1825"]
[PlyCount "71"]
[EventDate "2001.02.19"]
[EventType "tourn"]
[EventRounds "1"]
[EventCountry "DEN"]
[SourceDate "2001.02.17"]

1. d4 d6 2. e4 c6 3. Be3 Qc7 4. Nd2 e5 5. c3 Nf6 6. h3 Be7 7. Ngf3 h6 8. Bc4
Nbd7 9. Bb3 b6 10. Nh4 Nf8 11. Qf3 g5 12. Nf5 Bxf5 13. Qxf5 Qd7 14. Qf3 Ng6 15.
g3 g4 16. hxg4 Qxg4 17. Rxh6 Qxf3 18. Rxh8+ Nxh8 19. Nxf3 Nxe4 20. dxe5 O-O-O
21. Nd4 Kb7 22. Nf5 Bf8 23. Rd1 d5 24. c4 Nc5 25. Bc2 Ne6 26. cxd5 Rxd5 27.
Rxd5 cxd5 28. Nh4 d4 29. Be4+ Ka6 30. Bd2 Kb5 31. Ke2 Bc5 32. f4 Be7 33. f5 Nc5
34. Bd3+ Kc6 35. Bh6 f6 36. e6 1-0

[Event "DJM"]
[Site "?"]
[Date "2001.02.25"]
[Round "7"]
[White "Hansen, Svend L"]
[Black "Christensen, Hanse"]
[Result "1-0"]
[WhiteElo "1894"]
[BlackElo "1750"]
[PlyCount "111"]
[EventDate "2001.02.19"]
[EventType "tourn"]
[EventRounds "1"]
[EventCountry "DEN"]
[SourceDate "2001.02.17"]

1. d4 d6 2. Nc3 g6 3. Nf3 Bg7 4. e4 Nd7 5. Bc4 Ngf6 6. O-O O-O 7. Bg5 c5 8. d5
Re8 9. Qd2 Ng4 10. Rab1 a6 11. a3 Nge5 12. Nxe5 Nxe5 13. Ba2 f6 14. Bh4 Nf7 15.
Ne2 Bh6 16. f4 Bg7 17. c3 Bd7 18. Rbe1 h6 19. Rf2 g5 20. fxg5 hxg5 21. Bg3 e5
22. dxe6 Bxe6 23. Bb1 Ne5 24. h3 d5 25. Bxe5 fxe5 26. exd5 Bxd5 27. Qc2 e4 28.
Rd1 c4 29. Ng3 Qa5 30. Re2 Qc5+ 31. Kh1 Qc6 32. Rde1 Qh6 33. Nxe4 Bc6 34. Qd2
Re5 35. Re3 Rae8 36. Qe2 Qh4 37. Qxc4+ Bd5 38. Qe2 g4 39. Qxg4 Qxg4 40. hxg4
Bxe4 41. Rxe4 Rxe4 42. Rxe4 Rxe4 43. Bxe4 b6 44. Kg1 Kf7 45. Kf2 Kf6 46. Ke3
Ke5 47. Kd3 Bf6 48. Bf3 Be7 49. a4 a5 50. Kc4 Kd6 51. b4 axb4 52. cxb4 Kc7 53.
Kb5 Bh4 54. a5 bxa5 55. bxa5 Bf2 56. g5 1-0